Countries Named After People - Statistics

General Stats
  • This quiz has been taken 72 times
  • The average score is 18 of 25
Answer Stats
PERSON COUNTRY LONG NAME % Correct
Christopher Columbus Colombia Republic of COLOMBIA
95%
Jean Moreau de Séchelles Seychelles Republic of SEYCHELLES
95%
Amerigo Vespucci United States United States of AMERICA
95%
Emperor Qin (Ch'in) China People's Republic of CHINA
93%
Royal Navy Officer John Marshall Marshall Islands Republic of the MARSHALL Islands
92%
Simón Bolivar Bolivia Plurinational State of BOLIVIA
90%
King Philip II of Spain Philippines Republic of the PHILIPPINES
90%
Cacique Nicarao Nicaragua Republic of NICARAGUA
85%
Saint Vincent of Saragossa Saint Vincent and the Grenadines SAINT VINCENT and the Grenadines
85%
King Solomon of Israel Solomon Islands SOLOMON Islands
85%
Saint Dominic of Guzmán Dominican Republic DOMINICAN Republic
84%
Saint Lucy of Syracuse Saint Lucia SAINT LUCIA
84%
Jesus Christ The Savior El Salvador Republic of EL SALVADOR
79%
Hebrew Patriarch Jacob Israel State of ISRAEL
79%
Saud I, Emir of Diriyah Saudi Arabia Kingdom of SAUDI Arabia
75%
King Mswati II Eswatini Kingdom of ESWATINI
70%
Maurice of Nassau, Prince of Orange Mauritius Republic of MAURITIUS
64%
Saint Christopher Saint Kitts and Nevis SAINT KITTS and Nevis
61%
Saint Marinus San Marino SAN MARINO
56%
St. George of Lydda Georgia GEORGIA
51%
Mussa Bin Bique Mozambique Republic of MOZAMBIQUE
49%
British Captain Thomas Gilbert Kiribati Republic of KIRIBATI
44%
Saint Thomas the Apostle São Tomé and Príncipe Democratic Republic of SÃO TOMÉ and Príncipe
44%
Simón Bolivar Venezuela BOLIVARIAN Republic of Venezuela
38%
Hashim ibn Abd Manaf Jordan HASHEMITE Kingdom of Jordan
23%
No matching quizzes found
Score Distribution
Percent of People with Each Score
Percentile by Number Answered
Your Score History
You have not taken this quiz